000 00839npc a2200217Ia 4500
001 dg58-27904 [d000003240]
003 IT-MiCISF
008 161014s9999||||xx | und||
040 _aIT-MiCISF
_cIT-MiCISF
041 _ait
100 _aBompiani Adriano
245 0 _aChi ha rubato il cielo ai ragazzi?
_bUna denuncia che si fa proposta per ridare ai ragazzi la voglia di crescere
250 _a1a ed.
260 _a Roma
_bAge
_c1994
300 _app. 103
500 _aBovis L., Brighina A., Campanini G., Cocco G., Corradini L., Crivelli A., Dal Pra' P., Damiano E., Giovanardi C., Gui L., Kawecki M., Lermitte Tarabini A., Mafie Jewicz J., Mazza E., Mocanu G., Pelloni R., Piccinelli E., Pietrella A., Rebecchini F. / infa
650 _aeducazione
700 _aAA.VV.
942 _cDD
957 _71
999 _a27904
_bsi
_g1
_c207347
_d207347